| 000 | 00690nam a2200205 i 4500 | ||
|---|---|---|---|
| 001 | 97477 | ||
| 003 | ES-MaACL | ||
| 005 | 20250804062541.0 | ||
| 007 | t| | ||
| 008 | 050712s1971 sp ||||1| spa d | ||
| 100 | 0 |
_aMarcuse, Herbert, _d1898-1979 _976559 |
|
| 245 | 1 | 0 |
_aRazón y revolución _b: Hegel y el surgimiento de la teoría social / _cHerbert Marcuse; [traductor Julieta Fombona de Sucre]. |
| 260 |
_aMadrid : _bAlianza, _c1971. |
||
| 300 |
_a444 p. ; _c18 cm. |
||
| 490 | 1 |
_aEl libro de bolsillo ; _v292 |
|
| 700 | 1 |
_aFombona, Julieta. _951481 |
|
| 830 | 0 | 3 |
_aEl libro de bolsillo _v292 _9177802 |
| 852 |
_aES-MaACL _jC-44335 _bR.76558 |
||
| 999 |
_c97477 _d97477 |
||